000 00688nam a2200193 a 4500
008 130403s2008 ||||||||||||||||| || u
020 _a978-0-19954099-0
050 _aKD 170 MAC
100 _aPhillips, Mary
245 1 0 _aLand law. (12th ed.)
_cby Judith-Anne Makenzie
250 _a12th ed.
260 _aOxford:
_bOxford University Press
_c2008
300 _axxxiv, 631p.
500 _aIncludes bibliography and glossary
650 _aREAL PROPERTY--GREAT BRITAIN
650 _aESTATE
700 _aMackenzie, Judith-Anne
995 _FCBU-MAIN LIBRARY (Kitwe)
_M1
_UAVAILABLE
_WMay 10, 2013
_ZMain Library Open Access Collection
999 _c48781
_d48781